| 000 | 00616nam a22001697a 4500 | ||
|---|---|---|---|
| 020 | _qHard Cover. | ||
| 082 | _a621.3 | ||
| 100 | _aAIJAZ, NADEEM | ||
| 245 |
_aDevelopment and Implementation of Marine Efficient Cryptographic OTH Communication Setup / _cNADEEM AIJAZ |
||
| 260 |
_aKarachi : _bPNEC - NUST, _c2013. |
||
| 300 |
_avii. 55 p. : ill. ; _c30cm. |
||
| 650 |
_aMS-. Electrical Engineering _923567 |
||
| 700 |
_aSupervisor. Syed Sajjad Haider Zaidi. _9127275 |
||
| 856 | _uhttp://10.250.8.41:8080/xmlui/handle/123456789/22110 | ||
| 942 |
_2ddc _cSC |
||
| 999 |
_c535478 _d535478 |
||